Á las Córtes Constituyentes [per l'incompliment de l'article 14 de la Llei Orgànica provincial del 21 d'octubre de 186?, en què la Diputació provincial de Barcelona exposa arguments i demana la correcta aplicació]
Descripción Física:
[4] p. ; 30 cm
MARC
| LEADER | 00000nam a2200000Ia 4500 | ||
|---|---|---|---|
| 001 | 20744 | ||
| 008 | 160829s1869 xx 000 0 cat d | ||
| 080 | |a 1577, exp. 1 | ||
| 245 | |a Á las Córtes Constituyentes [per l'incompliment de l'article 14 de la Llei Orgànica provincial del 21 d'octubre de 186?, en què la Diputació provincial de Barcelona exposa arguments i demana la correcta aplicació] | ||
| 260 | |a Barcelona : |b [s.n.], |c 1869 | ||
| 300 | |a [4] p. ; |c 30 cm | ||
| 590 | |a Signat pel vice-president Apiceto Mirambell i el Secretarí interí Franciso Arañó. | ||
| 610 | 1 | 0 | |a Barcelona (Catalunya : Província). |b Diputació |9 52408 |
| 650 | 0 | |a Ocupació |z Barcelona (Catalunya : Província) |9 36139 | |
| 650 | |a Arquitectes |x Barcelona |9 48771 | ||
| 710 | 1 | |a Barcelona (Catalunya : Província). |b Diputació |9 52408 | |
| 901 | |a Arxiu | ||
| 942 | |n 1 | ||
| 952 | |0 0 |1 0 |4 0 |6 1577_EXP_1 |7 1 |9 54843 |a Arxiu |b Arxiu |d 2016-12-01 |l 0 |o 1577, exp. 1 |p 20744 |r 2016-12-01 00:00:00 |w 2016-12-01 |y ARXIU | ||
| 999 | |c 58713 |d 58713 | ||